Laudato Si' Lettere enciclica sulla cura della casa comune

Збережено в:
Бібліографічні деталі
Автор: Papa Francesco
Формат: Книга
Мова:Невідома мова
Опубліковано: Centro Ambrosiano
Теги: Додати тег
Немає тегів, Будьте першим, хто поставить тег для цього запису!

MARC

LEADER 00000nam a2200000Ia 4500
001 R-57
003 CODICE-MESSINA
005 20260212102446.0
008 260211s9999 xx 000 0 und d
040 |c importazione_messina 
100 |a Papa Francesco 
245 0 |a Laudato Si' 
245 0 |b Lettere enciclica sulla cura della casa comune 
260 |b Centro Ambrosiano 
942 |2 ddc  |c BK 
952 |0 0  |1 0  |2 ddc  |4 0  |6 SCAFFALE_1_000000000000000__RELIGIONE  |7 0  |9 30874  |a ME  |b ME  |d 2026-02-11  |l 0  |o SCAFFALE 1 - RELIGIONE  |p R-57  |r 2026-02-11 23:52:11  |w 2026-02-11  |x [REVISIONARE]  |y BK 
999 |c 26538  |d 26538